| 000 | 00532nam a2200145Ia 4500 | ||
|---|---|---|---|
| 008 | 140724s9999 xx 000 0 und d | ||
| 050 |
_aQA 76.5 _b.Or65 2013 |
||
| 100 | _aOrdiales, Patrick G. | ||
| 245 |
_aInventory and reservation system for Audio Visual Department of Elizabeth Seton School / _cPatrick G. Ordiales. |
||
| 260 |
_aLas PiƱas, Philippines : _bSouthville International School and Colleges, _cc2013. |
||
| 300 |
_a47 p. : _bcol. ill. ; _c28 cm. |
||
| 521 | _aInformation Technology | ||
| 942 | _cTH | ||
| 999 |
_c229180 _d229180 |
||